|
|
|
|
| LEADER |
01241nam a2200313 a 4500 |
| 001 |
40513 |
| 003 |
BD-DhAAL |
| 008 |
230226t1997 ii b 001 0 eng d |
| 010 |
|
|
|a 97906097
|
| 020 |
|
|
|a 8173041679
|
| 025 |
|
|
|a I-E-97-906097; 35; 61-28
|
| 040 |
|
|
|a DLC
|c DLC
|d BD-DhAAL
|
| 042 |
|
|
|a lcode
|
| 043 |
|
|
|a a-ii---
|a a-pk---
|
| 050 |
0 |
0 |
|a HD879.P8
|b I75 1997
|
| 082 |
|
|
|a 333.9130954
|
| 100 |
1 |
|
|a Islam, M. Mufakharul
|9 10278
|
| 245 |
1 |
0 |
|a Irrigation, agriculture, and the Raj :
|b Punjab, 1887-1947 /
|c M. Mufakharul Islam.
|
| 260 |
|
|
|a New Delhi :
|b Manohar,
|c 1997.
|
| 300 |
|
|
|a 180 pages ;
|c 23 cm.
|
| 440 |
|
0 |
|a South Asian studies ;
|v 30
|
| 504 |
|
|
|a Includes bibliographical references (pages [168]-178) and index.
|
| 541 |
|
|
|a Donated By Akbar Ali Khan
|e 40513
|
| 650 |
|
0 |
|a Irrigation farming
|z India
|z Punjab
|x History
|y 19th century.
|9 53724
|
| 650 |
|
0 |
|a Land tenure
|z India
|z Punjab
|x History
|y 19th century.
|9 53725
|
| 852 |
|
|
|a Ayesha Abed Library
|c Akbar Ali Khan Collection
|
| 942 |
|
|
|2 ddc
|c BK
|
| 999 |
|
|
|c 45523
|d 45523
|
| 952 |
|
|
|0 0
|1 0
|2 ddc
|4 0
|6 333_913095400000000_ISL
|7 1
|9 73285
|a BRACUL
|b BRACUL
|c AAKC
|d 2023-02-26
|e Donated By Akbar Ali Khan
|g 515.00
|l 0
|o 333.9130954 ISL
|p 3010040513
|r 2023-02-26
|t 1
|w 2023-02-26
|y BK
|x Rs 400.00
|